Responses for Show #2210 - Friday, March 25, 1994

Contestants

[<< previous game]

Cathleen White, a teacher from Cleveland, Ohio

Mike Schmulewitz, a salesman from St. Paul, Minnesota

George Engelmann, a vertebrate paleontologist from Omaha, Nebraska (whose 1-day cash winnings total $10,000)

[next game >>]

Jeopardy! Round responses

ARCHAEOLOGY
FAMOUS PAIRS
RANKS & TITLES
KANSAS
SUPERSTITIONS
ANIMAL PHRASES
    $100 1
fire

George
    $100 6
Lewis & Clark

George
    $100 21
(Cathleen: What is vice governor?)

lieutenant governor

MikeCathleen
    $100 26
Dwight Eisenhower

George
    $100 7
see each other

George
    $100 8
the cat

George
    $200 2
the Mayan civilization

George
    $200 17
Bausch & Lomb

George
    $200 22
the bishop

George
    $200 27
slavery

Mike
    $200 13
3 times

George
    $200 9
(Mike: What is high on [*]?)

the hog

Mike
    $300 3
the Rosetta Stone

George
    $300 18
Siskel & Ebert

Mike
    $300 23
a foreman

Mike
    $300 28
wheat

George
    $300 14
dolphins

George
    $300 10
a clam

Mike
    $400 4
the Aswan (High) Dam

George
    $400 19
Bonnie & Clyde

George
    $400 24
(Cathleen: What's a bishop?)

the vicar

GeorgeCathleen
    $400 29
Amelia Earhart

Cathleen
    $400 15
a four-leaf clover

Cathleen
    $400 11
the door

George
    $500 5
iron

Mike
    $500 20
Masters & Johnson

Cathleen
    $1,000 25
(George: [No response])

Archduke

George
    $500 30
(Cathleen: What is Topeka?)

Wichita

GeorgeCathleen
    $500 16
a rabbit's foot

Cathleen
    $500 12
beggars would ride

George

Scores at the first commercial break (after clue 16):

George Mike Cathleen
$2,700 $1,000 $900

Scores at the end of the Jeopardy! Round:

George Mike Cathleen
$3,800 $1,900 $800

Double Jeopardy! Round responses

WORLD HISTORY
COLLEGES & UNIVERSITIES
OPERA
LANGUAGES
WOMEN AUTHORS
WILLIAMs
    $200 6
John

George
    $200 16
(Alex: He gave a famous speech there.)

Churchill

George
    $200 1
Albert Einstein

Cathleen
    $200 11
Japan

George
    $200 21
Margaret Truman

George
    $200 22
(William) Gilbert

George
    $400 7
Hapsburg

Mike
    $400 17
Pennsylvania

Cathleen
    $400 2
Jenny Lind

George
    $400 12
(Mike: What's Celtic?)
(George: What's Ireland?)

Gaelic (or Irish)

GeorgeMikeCathleen
    $400 27
Harriet Beecher Stowe

Cathleen
    $400 23
Westmoreland

George
    $600 8
Terry Anderson

Cathleen
    $600 18
Dallas

George
    $600 3
1

Cathleen
    $600 13
Portuguese

George
    $600 28
Jackie Collins

Cathleen
    $600 24
General William Booth

Mike
    $800 9
Harold

George
    $800 19
Chicago

George
    $800 4
Falstaff

George
    $800 14
Spanish

Mike
    $800 29
Jacqueline Susann

Triple Stumper
    $800 25
William Safire

Mike
    $2,000 10
Sir Richard Burton

George
    $1000 20
Heidelberg

Mike
    $1000 5
Lammermoor

George
    $1000 15
(George: What's Zermatt?)
(Mike: What's Lake Geneva?)

St. Moritz

GeorgeMike
Triple Stumper
    $1000 30
Mary Higgins Clark

Triple Stumper
    $4,000 26
William O. Douglas

Mike

Scores at the end of the Double Jeopardy! Round:

George Mike Cathleen
$10,800 $8,100 $4,000

[wagering suggestions for these scores]

Final Jeopardy! Round responses

THE CARIBBEAN
(Alex: She was the wife of a king, who was king of a country, when this was founded in the 1600s.)
...
(Alex: King Christian V of [*], his wife, Charlotte Amalie.)
CathleenWhat is the Netherlands
$3,800
MikeWhat is France
$0
GeorgeWhat is the Netherlands
$6,000
Denmark

Final scores:

George Mike Cathleen
$4,800 $8,100 $200
2nd place: Keller dining furniture + RCR crystal stemware & barware New champion: $8,100 3rd place: Samsung fax machine + Wheel of Fortune & Jeopardy! games for the Super Nintendo & Sega Genesis

Game dynamics:

Coryat scores:

George Mike Cathleen
$10,800 $5,100 $4,000
32 R
(including 1 DD),
3 W
(including 1 DD)
13 R
(including 1 DD),
2 W
11 R,
3 W

Combined Coryat: $19,900

[game clues] [game scores] [suggest correction]

Game tape date: 1993-12-13
The J! Archive is created by fans, for fans. Scraping, republication, monetization, and malicious use prohibited; this site may use cookies and collect identifying information. See terms. The Jeopardy! game show and all elements thereof, including but not limited to copyright and trademark thereto, are the property of Jeopardy Productions, Inc. and are protected under law. This website is not affiliated with, sponsored by, or operated by Jeopardy Productions, Inc. Join the discussion at JBoard.tv.